01010nab a22002057a 4500003000400000005001700004008004100021040000700062100002000069245023000089260007300319300001500392500002700407505008200434650001800516650003600534650005200570650003300622773014900655OSt20251215153615.0190429b xxu||||| |||| 00| 0 spa d cPJ aFrega, Leonardo13aLa especialidad en materia penal juvenil en el marco de la ejecución de una sentencia: bla obligatoriedad de proseguir con los mandatos inherentes al sistema de protección de los derechos de NNyA /cLeonardo Frega. cCiudad Autónoma de Buenos Aires :aThomson Reuters La Ley, b2025. ap. 196-198 aCita: AR/DOC/180/2025. tSi te interesa el texto completo, solicitalo a koha@justierradelfuego.gov.ar  0aDERECHO PENAL 0aRÉGIMEN PENAL DE LA MINORIDAD 0aDERECHOS DE LAS NIÑAS, NIÑOS Y ADOLESCENTES 0aREADAPTACIÓN DEL CONDENADO0 02658tRevista de derecho penal y criminología. Nº 2 - Marzo 2025dCiudad Autónoma de Buenos Aires : Thomson Reuters La Ley, 2017-x00347914